Misteri lagu kenangan

Bibliographic Details
Main Author: Zulaikha
Corporate Author: Title
Format: Book
Published: Kuala Lumpur : Penerbitan Fargoes , 2000
Series:Siri Salma
Subjects:

MARC

LEADER 00000cam a2200000 7i4500
001 0000002749
005 20151222.0
008 070716
020 |a 983151355X 
090 0 0 |a JF   |b AD MAL (3593) 
100 0 |a Zulaikha 
245 1 0 |a Misteri lagu kenangan   |c Zulaikha 
260 |a Kuala Lumpur :   |b Penerbitan Fargoes ,   |c 2000 
440 0 |a Siri Salma 
500 |a Children ages 7-9 years old (orange) 
650 0 |a Detective and mystery stories, Malay 
650 0 |a Malay fiction 
710 0 |a Title 
999 |a 0000857645   |b Book   |c Children Collection   |e Cawangan Mersing 
999 |a 0000867316   |b Book   |c Children Collection   |e Cawangan Segamat 
999 |a 0000867317   |b Book   |c Children Collection   |e Cawangan Segamat 
999 |a 0000969655   |b Book   |c Children Collection   |e Cawangan Bukit Gambir 
999 |a 0000969656   |b Book   |c Children Collection   |e Perbadanan Perpustakaan Awam Johor 
999 |a 0000969658   |b Book   |c Children Collection   |e Perbadanan Perpustakaan Awam Johor 
999 |a 0001145220   |b Book   |c Children Collection   |e Cawangan Tangkak 
999 |a 0001145251   |b Book   |c Children Collection   |e Cawangan Tmn. Ungku Tun Aminah